000 00747nam a2200205 a 4500
001 BRCA_2317
005 20190320203746.0
008 200808s2008----mx-a---###---#000-0#spa-#
020 _a9684847246
050 4 _aTR28
_b.S47 2008
100 1 _aSerrano Barquín, Héctor P.
_96963
245 1 0 _aMiradas fotográficas en el México decimonónico
_blas simbolizaciones de género
_cHéctor P. Serrano Barquín ; prólogo Luz del Alba Velasco.
260 _aMéxico
_bInstituto Mexiquense de Cultura
_c2008
300 _a268 p.
_bil.
_c23 cm.
504 _aBibliografía : p. 257-268
650 1 4 _aArtes visuales
_ySiglo XIX
_zMéxico
_96964
650 1 4 _aFotografía
_ySiglo XIX
_zMéxico
_96965
700 1 _aVelasco, Luz del Alba
_96966
942 _2lcc
_cB
999 _c2062
_d2062